[Event "Champigny sur Marne op 6th"]
[Site "Champigny sur Marne"]
[Date "2006.02.16"]
[Round "1"]
[White "Lemoine, Thomas"]
[Black "Fusil, Jean Marie"]
[Result "1-0"]
[WhiteElo "1966"]
[BlackElo "1680"]
[PlyCount "105"]
[EventDate "2006.02.16"]
[EventType "swiss"]
[EventRounds "6"]
[EventCountry "FRA"]
[SourceTitle "EXT 2007"]
[Source "ChessBase"]
[SourceDate "2006.11.23"]
[SourceVersion "1"]
[SourceVersionDate "2006.11.23"]
[SourceQuality "1"]

1. d4 d5 2. c4 dxc4 3. Nf3 e6 4. e3 Nf6 5. Bxc4 a6 6. a4 Bd6 7. 0-0 0-0 8. Nc3 c6 9. e4 Be7 10. Bf4 b5 11. axb5 cxb5 12. Bxb5 Bb7 13. Bd3 Nc6 14. Be3 Nb4 15. Bb1 Nc6 16. Bg5 h6 17. Bh4 Qd7 18. e5 Nh7 19. Bxe7 Nxe7 20. Ne4 Bd5 21. Nd6 f6 22. Be4 f5 23. Bxd5 Nxd5 24. Qd2 Rfb8 25. Ne1 Ng5 26. Nd3 Nf7 27. Nc5 Qe7 28. Nxf7 Qxf7 29. Rxa6 Rxa6 30. Nxa6 Rb6 31. Nc5 Rb8 32. Ra1 f4 33. Qd3 Nb4 34. Qe4 Nd5 35. b4 Nxb4 36. Ra8 Rxa8 37. Qxa8+ Kh7 38. Qe4+ Kg8 39. f3 Nd5 40. g3 fxg3 41. hxg3 Nc3 42. Qd3 Nd5 43. Kg2 Kh8 44. Qa6 Ne3+ 45. Kf2 Ng4+ 46. Ke2 Nh2 47. Qa8+ Kh7 48. Qe4+ Kg8 49. Qc6 Qa7 50. Qxe6+ Kh7 51. Qf5+ Kg8 52. Qb1 Qa3 53. Qb3+ 1-0